00475nam a2200181 a 4500001001300000003000900013005001700022008004100039020000800080082001800088100002100106245004100127260003800168300000900206500003500215505001300250650003000263nice12345678IN_TiNIC20260116012045.0050524s0000 laha grp 000 0 urd  ac700a922.97bAZA12 aAzad, Abul Kalam aTazkira Yani Maulana Abul Kalam Azad aLahorebAnarkali Kitab Gharc0000 a336p aincludes index and biblioraphy2 aarchives aAbul Kalam Azad-Biography